The lease/licence distinction (Record no. 69923)

MARC details
000 -LEADER
fixed length control field 00895cam a2200241 4500
001 - CONTROL NUMBER
control field ABS65266
008 - FIXED-LENGTH DATA ELEMENTS--GENERAL INFORMATION
fixed length control field 020404n2002 000 0 eng u
035 ## - SYSTEM CONTROL NUMBER
System control number (Sirsi) u117366
100 ## - MAIN ENTRY--PERSONAL NAME
Personal name Langstaff, D.
245 #4 - TITLE STATEMENT
Title The lease/licence distinction
260 ## - PUBLICATION, DISTRIBUTION, ETC.
Date of publication, distribution, etc. 2002
490 ## - SERIES STATEMENT
Series statement CSM
-- Chartered Surveyor Monthly
Volume/sequential designation March 2002, 31(1)
520 ## - SUMMARY, ETC.
Summary, etc. Considers the issues that arise from the distinction between a lease and a licence. Examines the case "National Car Parks v The Trinity Development Company (Banbury) Ltd" (2001) when the Court of Appeal re-examined the issue of exclusive possession.
590 ## - LOCAL NOTE (RLIN)
Local note ABS
650 ## - SUBJECT ADDED ENTRY--TOPICAL TERM
Topical term or geographic name entry element LEASES
650 ## - SUBJECT ADDED ENTRY--TOPICAL TERM
Topical term or geographic name entry element LICENCES
650 ## - SUBJECT ADDED ENTRY--TOPICAL TERM
Topical term or geographic name entry element EXCLUSIVE POSSESSION
650 ## - SUBJECT ADDED ENTRY--TOPICAL TERM
Topical term or geographic name entry element NATIONAL CAR PARKS V THE TRINITY DEVELOPMENT COMPANY (BANBURY) LTD
650 ## - SUBJECT ADDED ENTRY--TOPICAL TERM
Topical term or geographic name entry element OCCUPIERS
650 ## - SUBJECT ADDED ENTRY--TOPICAL TERM
Topical term or geographic name entry element AGREEMENTS
690 ## - LOCAL SUBJECT ADDED ENTRY--TOPICAL TERM (OCLC, RLIN)
Topical term or geographic name as entry element PROPERTY-LANDLORD AND TENANT
942 ## - ADDED ENTRY ELEMENTS (KOHA)
Suppress in OPAC 0
Holdings
Withdrawn status Lost status Source of classification or shelving scheme Damaged status Not for loan Home library Current library Shelving location Date acquired Total Checkouts Full call number Barcode Date last seen Copy number Price effective from Koha item type
    Dewey Decimal Classification     London London Journal article 04/04/2002   ABS65266 117366-1001 06/08/2019 1 06/08/2019 Journal article